Geography Quiz

Random Geography or City Quiz

Just Read the Map Quiz Stats

Quiz Updated Aug 20, 2012

Challenge
Share
Tweet
Score 0/16 Timer 04:00
7 Plays Today
# City % Correct
1San Francisco
95.6%
8New York
92%
15Las Vegas
87.7%
4Philadelphia
85.2%
10Denver
75.6%
14Atlanta
72.3%
7San Antonio
71.6%
2Cleveland
71.2%
# City % Correct
5Detroit
69.8%
16Washington
68.4%
3New Orleans
64.6%
13Salt Lake City
59.6%
11St. Louis
57.1%
9Honolulu
54%
6Minneapolis
37.4%
12Niagara Falls
36.2%

You're not logged in!

Compare scores with friends on all Sporcle quizzes.
Join for Free
OR
Log In

You Might Also Like...

Show Comments

Extras

Top Quizzes Today


Score Distribution

Your Account Isn't Verified!

In order to create a playlist on Sporcle, you need to verify the email address you used during registration. Go to your Sporcle Settings to finish the process.

Report this User

Report this user for behavior that violates our Community Guidelines.

Details: